01000nam a2200277 i 4500003000900000005001700009007000300026008004100029020002100070040003000091082000700121245007800128264004000206300002300246336002700269337003300296338002800329500007300357500003700430590002600467700004700493910001500540942001400555952013600569999001700705DO-SdBNP20240624155116.0ta240624b1990 sp ||||| |||| 00| 0 spa d a8432048798 (v.2) aDO-SdBNPbspacBNPHUerda 422204aLas mil y una noches /ctraducción, introducción y notas, Juan Vernet 4aMadrid :bDiario El País,c@2004. avolumens ;e19 cm. 2rdacontentatextobtxt 2rdamediaasin mediaciónbn 2rdacarrieravolumenbnc aIncluye referencias bibliográficas y notas al pie de las páginas aLa biblioteca posee el volumen 2 aInventariado, 2024/BT1 aVernet, Juan,etraducción y notas985777 aBtavárez 2ddccLBS1 00102ddc56708GRaBNPHUbBNPHUcCTd2024-06-24eDonado Silfredo Tineol0oBNPHU GRp2024-3686r2024-06-24tv.2w2024-06-24yLBS1 c56952d56952